000 00725nam a2200241 a 4500
999 _c5100
_d5100
001 5100
003 BD-JhCC
005 20171231192509.0
008 171209s20022008e a|||| || | 000 0 eng d
020 _a052101333X
020 _a0521013364
035 _a(BD-JhCC)5100
040 _aBD-JhCC
_dBD-JhCC
041 _aeng
082 _a428.24076
_bCAM 2008
245 _aCambridge IELTS 3 :
_besamination papers from the University of Cambridge local examiniations syndicate /
_cCambridge University
260 _aLondon :
_bCambridge University Press,
_c2008.
300 _a172 p. :
_c24 cm.
650 _aEnglish Language
650 _aInternational English Language Testing System
942 _2ddc
_cBK